[Event "PMPJ 2022 - C13"]
[Site "Jastrzebia Gora"]
[Date "2022.11.12"]
[Round "3.4"]
[White "Grobelny, Mikolaj"]
[Black "Przybylski, Jan"]
[Result "1/2-1/2"]
[BlackElo "1638"]
[WhiteElo "1493"]
[LiveChessVersion "1.4.4"]

1. e4 {[%clk 1:30:54]} e5 {[%clk 1:30:54]} 2. Nf3 {[%clk 1:31:19]} Nc6
{[%clk 1:31:18]} 3. d4 {[%clk 1:31:42]} exd4 {[%clk 1:31:40]} 4. Nxd4
{[%clk 1:32:08]} Bc5 {[%clk 1:30:20]} 5. Nb3 {[%clk 1:32:25]} Bb6
{[%clk 1:30:37]} 6. Nc3 {[%clk 1:32:46]} d6 {[%clk 1:30:21]} 7. Bd3
{[%clk 1:29:46]} Be6 {[%clk 1:29:28]} 8. Qe2 {[%clk 1:26:15]} Nge7
{[%clk 1:27:12]} 9. Be3 {[%clk 1:25:46]} Qd7 {[%clk 1:17:44]} 10. O-O-O
{[%clk 1:23:21]} O-O-O {[%clk 1:15:00]} 11. Bxb6 {[%clk 1:21:04]} axb6
{[%clk 1:14:36]} 12. h3 {[%clk 1:20:32]} Ng6 {[%clk 1:14:21]} 13. Rhf1
{[%clk 1:19:22]} Nf4 {[%clk 1:09:07]} 14. Qe3 {[%clk 1:18:16]} g5
{[%clk 1:04:54]} 15. Qg3 Rhg8 16. Bb5 Bxb3 17. axb3 Qe6 18. Bc4 Qg6 19. Rfe1 Ne5
20. Nd5 Nxd5 21. exd5 Qf6 22. Be2 Qf4+ 23. Kb1 Qxg3 24. fxg3 f5 25. Rf1 Rdf8 26.
Bd3 f4 27. Bxh7 Rg7 28. Be4 Rgf7 29. g4 Re7 30. Bf5+ Kd8 31. h4 gxh4 32. Rxf4 Rg7
33. Rdf1 Ke7 34. c4 Rgf7 35. Rh1 Rh8 36. Rff1 Rg7 37. Re1 Kd8 38. Re4 Ke7 39. Kc2
Rf7 40. Kd2 Kf6 41. Be6 Rff8 42. Rf1+ Kg5 43. Rxf8 Rxf8 44. Bf5 Ra8 45. Ke1 Ra1+
46. Kf2 Rd1 47. Re2 b5 48. Rc2 bxc4 49. bxc4 b6 50. Ke2 Ra1 51. Kf2 Ra4 52. b3
Ra3 53. Rb2 Kf4 54. Ke2 Ra1 55. Rd2 Kg5 56. Kf2 Ra3 57. Rb2 Kf4 58. Ke2 Kg3 59.
g5 Kf4 60. Bc2 Kxg5 61. Kf2 Kf4 62. Bh7 Ng4+ 63. Ke2 Kg3 64. Kd3 Ra1 65. Kd4 Rg1
66. Be4 Rd1+ 67. Kc3 Nf2 68. Bf3 Rd3+ 69. Kc2 h3 70. gxh3 Rxf3 71. Ra2 Nxh3 72.
Ra7 Rf7 73. Kc3 Kf4 74. Kb4 c5+ 75. dxc6 Rxa7 76. Kb5 Ke5 77. Kxb6 Rh7 78. c7 Rh8
79. Kb7 Nf4 80. c8=Q Rxc8 81. Kxc8 Nd3 82. Kc7 Nc5 83. b4 Na6+ 84. Kb6 Nxb4 85.
c5 Nd5+ 86. Kb5 Nc7+ 87. Kc6 d5 88. Kxc7 d4 89. Kb7 d3 90. c6 {[%clk 0:05:27]} d2
{[%clk 0:03:02]} 91. c7 {[%clk 0:05:53]} d1=Q {[%clk 0:03:30]} 92. c8=Q
{[%clk 0:06:15]} Qb3+ {[%clk 0:02:59]} 93. Ka8 {[%clk 0:06:31]} Qa4+
{[%clk 0:03:24]} 94. Kb8 1/2-1/2

[Event "PMPJ 2022 - C13"]
[Site "Jastrzebia Gora"]
[Date "2022.11.12"]
[Round "3.5"]
[White "Wiecek, Dominik"]
[Black "Baranowski, Jan"]
[Result "0-1"]
[BlackElo "1212"]
[WhiteElo "1077"]
[LiveChessVersion "1.4.4"]

1. e4 e5 2. Nf3 Nc6 3. d4 exd4 4. Nxd4 Bc5 5. Nxc6 bxc6 6. Bc4 Nf6 7. Bg5 Bxf2+
8. Kxf2 Nxe4+ 9. Ke1 Qxg5 10. Qf3 Qc1+ 11. Ke2 Qxc2+ 12. Ke3 Qxc4 13. Qxe4+ Qxe4+
14. Kxe4 O-O 15. Nd2 Rb8 16. b3 Bb7 17. Rhg1 Rfe8+ 18. Kd4 Re2 19. Kc3 Rbe8 20.
Rad1 c5 21. Nf3 Ba6 22. Ne1 R8e3+ 23. Nd3 d5 24. b4 d4+ 25. Kb3 c4+ 26. Ka4 Rxa2#
27. Rd2 0-1

[Event "PMPJ 2022 - C13"]
[Site "Jastrzebia Gora"]
[Date "2022.11.12"]
[Round "3.6"]
[White "Jaszczuk, Piotr"]
[Black "Krogulski, Maksymilian"]
[Result "1-0"]
[BlackElo "1515"]
[WhiteElo "1512"]
[LiveChessVersion "1.4.4"]

1. e4 c5 2. Nf3 {[%clk 1:31:21]} e6 {[%clk 1:31:28]} 3. d4 {[%clk 1:31:42]} cxd4
{[%clk 1:31:56]} 4. Nxd4 {[%clk 1:32:05]} Nc6 {[%clk 1:32:55]} 5. Nc3
{[%clk 1:32:20]} Qc7 {[%clk 1:33:22]} 6. Be3 {[%clk 1:30:16]} Nf6
{[%clk 1:33:37]} 7. Bd3 {[%clk 1:27:52]} a6 {[%clk 1:34:06]} 8. O-O
{[%clk 1:27:20]} Be7 {[%clk 1:33:15]} 9. Nb3 b5 {[%clk 1:33:35]} 10. a3
{[%clk 1:27:11]} Bb7 {[%clk 1:34:03]} 11. f4 {[%clk 1:27:08]} d6 {[%clk 1:32:11]}
12. Qf3 {[%clk 1:24:38]} O-O {[%clk 1:32:11]} 13. Rae1 {[%clk 1:24:38]} Nd7
{[%clk 1:30:20]} 14. g4 {[%clk 1:16:49]} Rfe8 {[%clk 1:30:11]} 15. Re2
{[%clk 1:14:04]} Nc5 {[%clk 1:30:11]} 16. Rg2 {[%clk 1:14:04]} b4
{[%clk 1:30:11]} 17. axb4 {[%clk 1:12:49]} Nxb4 {[%clk 1:25:16]} 18. Nxc5
{[%clk 1:11:59]} dxc5 {[%clk 1:22:47]} 19. Bc4 {[%clk 1:09:07]} Rad8
{[%clk 1:21:10]} 20. b3 {[%clk 1:07:57]} Nc6 {[%clk 1:18:01]} 21. g5
{[%clk 1:05:50]} Nd4 {[%clk 1:17:17]} 22. Qh3 {[%clk 1:01:34]} Qa5
{[%clk 1:14:40]} 23. Bc1 {[%clk 0:58:19]} Nb5 {[%clk 1:11:21]} 24. Bb2
{[%clk 0:58:30]} Nxc3 {[%clk 1:11:20]} 25. Bxc3 {[%clk 0:57:20]} Qb6
{[%clk 1:08:32]} 26. g6 {[%clk 0:55:28]} hxg6 {[%clk 1:06:00]} 27. Rxg6
{[%clk 0:35:29]} Rd4 {[%clk 0:54:56]} 28. f5 {[%clk 0:13:35]} Bxe4
{[%clk 0:37:57]} 29. Qg4 {[%clk 0:12:28]} fxg6 {[%clk 0:16:55]} 30. Qxg6
{[%clk 0:12:09]} Bf8 {[%clk 0:01:39]} 31. Qxe8 {[%clk 0:06:51]} Bd5
{[%clk 0:00:41]} 32. Bxd4 {[%clk 0:06:46]} cxd4 {[%clk 0:00:34]} 33. Bxd5 exd5
{[%clk 0:01:03]} 34. Qe6+ {[%clk 0:06:50]} Qxe6 {[%clk 0:01:30]} 35. fxe6
{[%clk 0:07:10]} Bc5 {[%clk 0:01:37]} 36. Kg2 {[%clk 0:08:01]} a5
{[%clk 0:01:20]} 37. Rf7 {[%clk 0:07:37]} Bb4 {[%clk 0:01:32]} 38. Kf3
{[%clk 0:08:22]} Bd6 {[%clk 0:01:44]} 39. h3 {[%clk 0:08:46]} Bb4 40. Kg4
{[%clk 0:09:09]} Bd2 {[%clk 0:01:53]} 41. Kf5 {[%clk 0:09:26]} Bc3
{[%clk 0:02:15]} 1-0

[Event "PMPJ 2022 - C13"]
[Site "Jastrzebia Gora"]
[Date "2022.11.12"]
[Round "3.7"]
[White "Chomicki, Kornel"]
[Black "Rajlich, Vaclav"]
[Result "1-0"]
[BlackElo "1488"]
[WhiteElo "1313"]
[LiveChessVersion "1.4.4"]

1. e4 {[%clk 1:30:58]} c5 {[%clk 1:30:56]} 2. Nc3 {[%clk 1:31:24]} Nc6
{[%clk 1:31:22]} 3. d3 {[%clk 1:31:49]} g6 {[%clk 1:31:47]} 4. Be3
{[%clk 1:32:10]} d6 {[%clk 1:32:05]} 5. g3 {[%clk 1:32:35]} Bg7 {[%clk 1:32:31]}
6. Bg2 {[%clk 1:32:53]} Nf6 {[%clk 1:32:51]} 7. h3 {[%clk 1:33:00]} O-O
{[%clk 1:32:47]} 8. Nge2 {[%clk 1:33:13]} e5 {[%clk 1:30:44]} 9. Qd2
{[%clk 1:33:20]} Nd4 {[%clk 1:29:06]} 10. Nd1 {[%clk 1:32:01]} Ne8
{[%clk 1:26:23]} 11. c3 {[%clk 1:31:24]} Nxe2 {[%clk 1:26:48]} 12. Qxe2
{[%clk 1:31:50]} Qe7 {[%clk 1:25:50]} 13. O-O {[%clk 1:31:19]} f5
{[%clk 1:24:15]} 14. f4 {[%clk 1:22:22]} Nf6 {[%clk 1:21:46]} 15. fxe5
{[%clk 1:17:44]} dxe5 {[%clk 1:21:26]} 16. exf5 {[%clk 1:17:05]} gxf5
{[%clk 1:21:24]} 17. Bg5 {[%clk 1:14:00]} h6 {[%clk 1:20:57]} 18. Bh4
{[%clk 1:12:36]} Qd6 {[%clk 1:11:08]} 19. Ne3 {[%clk 1:07:19]} Nh7
{[%clk 1:03:31]} 20. Nc4 {[%clk 1:05:23]} Qc7 {[%clk 1:03:20]} 21. Rae1
{[%clk 1:03:24]} Re8 {[%clk 1:01:44]} 22. Ne3 {[%clk 1:02:00]} Rf8
{[%clk 0:49:09]} 23. Nd5 {[%clk 1:01:25]} Qf7 {[%clk 0:48:05]} 24. Be7
{[%clk 0:52:30]} Re8 {[%clk 0:48:10]} 25. Bxc5 {[%clk 0:52:10]} Be6
{[%clk 0:47:32]} 26. c4 {[%clk 0:51:16]} Nf6 {[%clk 0:45:13]} 27. Nxf6+
{[%clk 0:50:34]} Bxf6 {[%clk 0:45:19]} 28. b3 {[%clk 0:47:34]} a6
{[%clk 0:43:47]} 29. Be3 {[%clk 0:45:35]} Qg7 {[%clk 0:42:59]} 30. Qf3
{[%clk 0:40:26]} Re7 {[%clk 0:39:59]} 31. Rd1 {[%clk 0:37:22]} Kh8
{[%clk 0:39:25]} 32. Kh2 {[%clk 0:35:22]} Rg8 {[%clk 0:39:40]} 33. Bh1
{[%clk 0:33:30]} Qg6 {[%clk 0:37:56]} 34. Rg1 {[%clk 0:33:11]} Bg5
{[%clk 0:36:28]} 35. Qf2 {[%clk 0:28:29]} Rf7 {[%clk 0:24:41]} 36. Bxg5
{[%clk 0:28:16]} hxg5 {[%clk 0:25:00]} 37. Qe2 {[%clk 0:27:14]} e4
{[%clk 0:19:06]} 38. dxe4 {[%clk 0:26:07]} Rgf8 {[%clk 0:11:28]} 39. exf5
{[%clk 0:23:11]} Qxf5 {[%clk 0:10:17]} 40. Bg2 {[%clk 0:22:00]} Rh7
{[%clk 0:10:20]} 41. g4 {[%clk 0:20:21]} Qf4+ {[%clk 0:10:35]} 42. Kh1
{[%clk 0:19:57]} Qg3 {[%clk 0:08:28]} 43. Rd3 {[%clk 0:17:43]} Qxg4
{[%clk 0:06:46]} 44. Qxg4 {[%clk 0:17:39]} Bxg4 {[%clk 0:07:09]} 45. Rg3
{[%clk 0:17:51]} Bxh3 {[%clk 0:06:49]} 46. Rxh3 {[%clk 0:17:15]} Rff7
{[%clk 0:06:56]} 47. Kh2 {[%clk 0:17:37]} Rf2 {[%clk 0:06:46]} 48. Rxh7+
{[%clk 0:17:47]} Kxh7 {[%clk 0:07:11]} 49. Ra1 {[%clk 0:18:10]} Kg6
{[%clk 0:07:32]} 50. Kg3 {[%clk 0:18:35]} Rf7 {[%clk 0:07:54]} 51. a4
{[%clk 0:18:45]} Rd7 {[%clk 0:08:19]} 52. Bd5 {[%clk 0:19:11]} b5
{[%clk 0:08:28]} 53. axb5 {[%clk 0:19:20]} axb5 {[%clk 0:08:53]} 54. Ra6+
{[%clk 0:19:36]} Kg7 {[%clk 0:09:13]} 55. Kg4 {[%clk 0:19:58]} Kf8
{[%clk 0:09:25]} 56. Kxg5 {[%clk 0:19:52]} Rc7 {[%clk 0:09:25]} 57. Rf6+
{[%clk 0:20:08]} Kg7 {[%clk 0:09:25]} 58. Rg6+ {[%clk 0:20:27]} Kh7
{[%clk 0:09:23]} 59. Rb6 {[%clk 0:20:33]} bxc4 {[%clk 0:09:41]} 60. bxc4
{[%clk 0:20:58]} Kg7 {[%clk 0:10:05]} 61. Rb7 {[%clk 0:21:24]} 1-0

[Event "PMPJ 2022 - C13"]
[Site "Jastrzebia Gora"]
[Date "2022.11.12"]
[Round "3.8"]
[White "Nagly, Krzysztof"]
[Black "Klim, Juliusz"]
[Result "0-1"]
[BlackElo "1485"]
[WhiteElo "1306"]
[LiveChessVersion "1.4.4"]

1. e4 {[%clk 1:30:56]} c5 {[%clk 1:30:56]} 2. Nf3 {[%clk 1:31:18]} d6
{[%clk 1:31:24]} 3. c3 {[%clk 1:31:37]} Nf6 {[%clk 1:31:50]} 4. Bd3
{[%clk 1:31:45]} Nc6 {[%clk 1:32:15]} 5. O-O {[%clk 1:31:50]} g6 {[%clk 1:30:58]}
6. Bc2 {[%clk 1:32:05]} Bg7 {[%clk 1:30:21]} 7. d4 {[%clk 1:32:01]} cxd4
{[%clk 1:29:14]} 8. cxd4 {[%clk 1:32:17]} O-O {[%clk 1:28:05]} 9. Nc3
{[%clk 1:31:19]} Bg4 {[%clk 1:25:51]} 10. h3 {[%clk 1:29:12]} Bxf3
{[%clk 1:24:17]} 11. gxf3 {[%clk 1:27:35]} Nh5 {[%clk 1:21:41]} 12. Ne2
{[%clk 1:26:53]} e6 {[%clk 1:16:00]} 13. Be3 {[%clk 1:26:13]} d5 {[%clk 1:07:20]}
14. Kg2 {[%clk 1:19:32]} Qd7 {[%clk 1:02:11]} 15. Qd2 {[%clk 1:17:38]} Rad8
{[%clk 1:00:39]} 16. Rad1 {[%clk 1:16:59]} f5 {[%clk 0:57:16]} 17. e5
{[%clk 1:16:03]} f4 {[%clk 0:55:34]} 18. Nxf4 {[%clk 1:14:31]} Qf7
{[%clk 0:54:54]} 19. Nxh5 {[%clk 1:14:03]} Qxf3+ {[%clk 0:55:17]} 20. Kh2
{[%clk 1:14:02]} Qxh5 {[%clk 0:53:22]} 21. Rg1 {[%clk 1:13:30]} Bxe5+
{[%clk 0:45:34]} 22. f4 {[%clk 1:11:21]} Nxd4 {[%clk 0:44:19]} 23. Kg3
{[%clk 1:10:15]} Qf3+ {[%clk 0:42:00]} 24. Kh2 {[%clk 1:10:14]} Nxc2
{[%clk 0:41:58]} 25. Qxc2 {[%clk 1:08:21]} Qxe3 {[%clk 0:42:09]} 26. Rg2 Bxf4+
{[%clk 0:42:11]} 27. Kh1 {[%clk 1:08:18]} Qxh3+ {[%clk 0:42:37]} 0-1

[Event "PMPJ 2022 - C13"]
[Site "Jastrzebia Gora"]
[Date "2022.11.12"]
[Round "3.9"]
[White "Budzen, Wojciech"]
[Black "Wasiluk, Mateusz"]
[Result "0-1"]
[BlackElo "1477"]
[WhiteElo "1230"]
[LiveChessVersion "1.4.4"]

1. e4 {[%clk 1:30:30]} e6 {[%clk 1:30:30]} 2. d4 {[%clk 1:30:30]} d5
{[%clk 1:30:30]} 3. exd5 {[%clk 1:30:30]} exd5 {[%clk 1:30:30]} 4. Bd3
{[%clk 1:30:30]} Nc6 {[%clk 1:30:30]} 5. c3 {[%clk 1:30:30]} Bd6 {[%clk 1:30:30]}
6. Nf3 {[%clk 1:30:30]} Nge7 {[%clk 1:29:29]} 7. Qc2 {[%clk 1:27:13]} Bg4
{[%clk 1:24:32]} 8. Nbd2 {[%clk 1:26:10]} Qd7 {[%clk 1:23:29]} 9. h3
{[%clk 1:25:11]} Bh5 {[%clk 1:22:08]} 10. O-O {[%clk 1:24:40]} O-O-O
{[%clk 1:08:31]} 11. b4 {[%clk 1:23:17]} f6 {[%clk 1:05:47]} 12. a4
{[%clk 1:17:07]} g5 {[%clk 1:04:32]} 13. a5 {[%clk 1:11:37]} g4 {[%clk 0:58:49]}
14. hxg4 {[%clk 1:09:14]} Qxg4 {[%clk 0:57:37]} 15. g3 {[%clk 1:04:50]} Rdg8
{[%clk 0:47:08]} 16. Nh2 {[%clk 1:00:21]} Qh3 {[%clk 0:44:11]} 17. Ndf3
{[%clk 0:51:15]} Bxf3 {[%clk 0:40:11]} 18. Nxf3 {[%clk 0:51:03]} Bxg3
{[%clk 0:39:53]} 19. Bf5+ {[%clk 0:50:10]} Nxf5 {[%clk 0:39:05]} 20. Bg5
{[%clk 0:49:05]} Bh2+ {[%clk 0:39:05]} 21. Kh1 {[%clk 0:49:00]} Qxf3+
{[%clk 0:39:29]} 22. Kxh2 {[%clk 0:48:57]} Qh5+ {[%clk 0:39:54]} 23. Bh4
{[%clk 0:47:46]} Qxh4# {[%clk 0:40:13]} 0-1

[Event "PMPJ 2022 - C13"]
[Site "Jastrzebia Gora"]
[Date "2022.11.12"]
[Round "3.10"]
[White "Gawlik, Olivier"]
[Black "Jodlowski, Robert"]
[Result "1-0"]
[BlackElo "1302"]
[WhiteElo "1386"]
[LiveChessVersion "1.4.4"]

1. e4 {[%clk 1:30:57]} e5 {[%clk 1:30:37]} 2. Nf3 {[%clk 1:30:51]} d6
{[%clk 1:30:44]} 3. d4 {[%clk 1:30:10]} Bg4 {[%clk 1:30:04]} 4. dxe5
{[%clk 1:29:11]} Bxf3 {[%clk 1:30:27]} 5. Qxf3 {[%clk 1:29:26]} dxe5
{[%clk 1:30:48]} 6. Qb3 {[%clk 1:22:43]} b6 {[%clk 1:21:22]} 7. Bc4
{[%clk 1:17:15]} Qd7 {[%clk 1:21:25]} 8. Be3 {[%clk 1:12:47]} Nf6
{[%clk 1:20:49]} 9. Nc3 {[%clk 1:10:22]} c6 {[%clk 1:20:19]} 10. Rd1
{[%clk 1:08:55]} Qc7 {[%clk 1:20:24]} 11. h3 {[%clk 0:53:57]} b5 {[%clk 1:19:38]}
12. Bxf7+ {[%clk 0:51:33]} Qxf7 {[%clk 1:20:02]} 13. Rd8+ {[%clk 0:51:56]} Ke7
{[%clk 1:20:31]} 14. Bc5+ {[%clk 0:52:20]} Kxd8 {[%clk 1:20:33]} 15. Qxf7
{[%clk 0:52:39]} Bxc5 {[%clk 1:20:36]} 16. Qxg7 {[%clk 0:51:47]} Rf8
{[%clk 1:21:00]} 17. Qb7 {[%clk 0:45:36]} Nfd7 {[%clk 1:20:40]} 18. Qxa8
{[%clk 0:44:58]} Kc7 {[%clk 1:17:10]} 19. Nxb5+ {[%clk 0:43:00]} cxb5
{[%clk 1:17:34]} 20. Qd5 {[%clk 0:43:06]} Bxf2+ {[%clk 1:18:00]} 21. Ke2
{[%clk 0:41:39]} Nc6 {[%clk 1:17:24]} 22. c3 {[%clk 0:39:36]} Nf6
{[%clk 1:00:56]} 23. Qxb5 {[%clk 0:16:26]} Nxe4 {[%clk 1:00:49]} 24. Rd1
{[%clk 0:06:47]} Bb6 {[%clk 0:51:13]} 25. Qd3 {[%clk 0:01:58]} Rf2+
{[%clk 0:47:05]} 26. Ke1 {[%clk 0:02:09]} Nc5 {[%clk 0:46:41]} 27. Qxh7+
{[%clk 0:01:59]} Kb8 {[%clk 0:46:25]} 28. Kxf2 {[%clk 0:02:05]} e4
{[%clk 0:46:26]} 29. Ke2 {[%clk 0:01:41]} a5 {[%clk 0:45:43]} 30. Rd6
{[%clk 0:01:23]} Nd3 {[%clk 0:45:08]} 31. Rxc6 {[%clk 0:01:26]} Nf4+
{[%clk 0:45:27]} 32. Kf1 {[%clk 0:01:26]} Nd5 {[%clk 0:45:31]} 33. Qg8+
{[%clk 0:01:36]} Ka7 {[%clk 0:45:50]} 34. Qxd5 {[%clk 0:01:58]} a4
{[%clk 0:46:03]} 35. Qd7+ {[%clk 0:02:20]} Ka6 {[%clk 0:46:25]} 36. Qc7
{[%clk 0:02:37]} 1-0

[Event "PMPJ 2022 - C13"]
[Site "Jastrzebia Gora"]
[Date "2022.11.12"]
[Round "3.12"]
[White "Fil, Grzegorz"]
[Black "Kryston, Aleksander"]
[Result "1/2-1/2"]
[BlackElo "1323"]
[WhiteElo "1140"]
[LiveChessVersion "1.4.4"]

1. e4 c5 2. Nf3 d6 3. d4 cxd4 4. Nxd4 Nf6 5. Nc3 a6 6. a4 e5 7. Nb3 Be7 8. Be2
Be6 9. Be3 O-O 10. a5 Nbd7 11. O-O Qc7 12. f3 Qc6 13. Qe1 d5 14. exd5 Nxd5 15.
Nxd5 Bxd5 16. Bd3 Nc5 17. Nxc5 Bxc5 18. Qf2 Bxe3 19. Qxe3 Rfe8 20. Rad1 Bc4 21.
Rfe1 Bxd3 22. Qxd3 Qc5+ 23. Kf1 Qxa5 24. Qd5 Qc7 25. Qe4 Qb6 26. b3 Re7 27. f4
Qf6 28. Kg1 Rae8 29. fxe5 Rxe5 30. Qxe5 Rxe5 31. Rxe5 g6 32. Red5 Qc3 33. R1d2
Qe3+ 34. Kf1 b5 35. h3 Qf4+ 36. Ke2 Qe4+ 37. Kd1 Qf4 38. Kc1 a5 39. Kb2 Qf6+ 40.
Ka2 Qc3 41. Rd8+ Kg7 42. R8d7 a4 43. Rf2 axb3+ 44. cxb3 Kh6 45. Rdxf7 Qa5+ 46.
Kb1 Qa3 47. R7f3 Qe7 48. Kc2 Qe4+ 49. Kc3 b4+ 50. Kb2 Qd4+ 51. Ka2 Qd6 52. Rf4
Qa6+ 53. Kb1 Qd3+ 54. Kb2 Qc3+ 55. Ka2 Qc5 1/2-1/2

[Event "PMPJ 2022 - C13"]
[Site "Jastrzebia Gora"]
[Date "2022.11.12"]
[Round "3.13"]
[White "Warchol, Wiktor"]
[Black "Prokopiuk, Jakub"]
[Result "0-1"]
[BlackElo "1651"]
[WhiteElo "1254"]
[LiveChessVersion "1.4.4"]

1. e4 c5 2. Nf3 d6 3. d4 cxd4 4. Nxd4 Nf6 5. Nc3 Nc6 6. Be3 Ng4 7. Qd2 Nxe3 8.
Qxe3 e6 9. Be2 {[%clk 1:30:43]} Be7 {[%clk 1:21:53]} 10. O-O {[%clk 1:30:50]} O-O
11. a3 a6 12. Rad1 Qc7 13. Rd3 b5 14. Nxc6 Qxc6 15. Bf3 Bb7 16. Rfd1 Rfd8 17. Qf4
Rac8 18. e5 d5 19. Nxd5 exd5 20. Bxd5 Rxd5 21. Rxd5 Qg6 22. Qd4 Bxd5 23. Qxd5 h6
24. Qb7 Qxc2 25. Rf1 Rc7 26. Qxa6 Qxb2 27. Qa8+ Bf8 28. Qe4 Qxa3 29. e6 Qe7 30.
exf7+ Qxf7 31. Re1 Re7 32. Qb1 Rxe1+ 33. Qxe1 Qc4 0-1

[Event "PMPJ 2022 - C13"]
[Site "Jastrzebia Gora"]
[Date "2022.11.12"]
[Round "3.14"]
[White "Michalak, Leon"]
[Black "Rzap, Filip"]
[Result "0-1"]
[BlackElo "1386"]
[WhiteElo "1147"]
[LiveChessVersion "1.4.4"]

1. e4 c5 2. Nf3 d6 3. d4 cxd4 4. Qxd4 Nc6 5. Qd3 Nf6 6. Nc3 e6 7. Bg5 Be7 8. Qd2
a6 9. O-O-O b5 10. Nd4 Bb7 11. Nxc6 Bxc6 12. Qe2 Qc7 13. f3 b4 14. Nb1 a5 15. Rd2
Nxe4 16. Bxe7 Nxd2 17. Bxd6 Qxd6 18. Nxd2 O-O 19. Nc4 Qf4+ 20. Ne3 a4 21. Kb1 b3
22. a3 Rfd8 23. Qe1 bxc2+ 24. Nxc2 Bd5 25. Nb4 Bb3 26. Bd3 Rac8 27. h4 Rxd3 28.
Nxd3 Bc2+ 29. Ka1 Bxd3 30. h5 h6 31. Qd1 Bc2 32. Qc1 Qxc1+ 33. Rxc1 e5 0-1

[Event "PMPJ 2022 - C13"]
[Site "Jastrzebia Gora"]
[Date "2022.11.12"]
[Round "3.16"]
[White "Kwiatkowski, Michal"]
[Black "Protas, Jakub"]
[Result "0-1"]
[BlackElo "1124"]
[WhiteElo "1198"]
[LiveChessVersion "1.4.4"]

1. e4 c5 2. Nf3 d6 3. Bb5+ Nd7 4. d4 cxd4 5. Nxd4 g6 6. c4 Bg7 7. Be3 Ngf6 8. f3
a6 9. Bxd7+ Bxd7 10. Nc3 Rc8 11. Qd3 O-O 12. O-O Qc7 13. b3 b5 14. Nd5 Nxd5 15.
cxd5 Qc3 16. Rad1 Rc7 17. Qxc3 Rxc3 18. Bg5 Re8 19. Nc6 Bxc6 20. dxc6 h6 21. Bh4
g5 22. Bf2 Rxc6 23. Rc1 Rec8 24. Be3 Bd4 25. Rce1 Bxe3+ 26. Rxe3 Rc2 27. Rf2 Kg7
28. Ree2 R2c3 29. Rd2 Kf6 30. Rfe2 R8c5 31. Kf2 Ke6 32. g4 Ke5 33. Kg3 Kf6 34. h3
a5 35. Rh2 Re3 36. h4 Rcc3 37. hxg5+ hxg5 38. Rdf2 Rxe4 39. Rh8 a4 40. Rc8 Rxg4+
41. Kxg4 Rxc8 42. bxa4 bxa4 43. Rh2 Rc4+ 44. Kg3 Kg6 45. Re2 e5 46. Rd2 Rd4 47.
Re2 Kf5 48. Rh2 d5 49. Rf2 Rd1 50. Re2 d4 51. Rb2 d3 52. Kf2 d2 53. Ke2 Rh1 54.
Rxd2 Rh2+ 55. Kd3 Rxd2+ 56. Kxd2 Kf4 57. Ke2 e4 0-1

[Event "PMPJ 2022 - C13"]
[Site "Jastrzebia Gora"]
[Date "2022.11.12"]
[Round "3.17"]
[White "Jasion, Wiktor"]
[Black "Kuczmik, Adam"]
[Result "1-0"]
[BlackElo "1105"]
[WhiteElo "1180"]
[LiveChessVersion "1.4.4"]

1. e4 e6 2. d4 d5 3. Nd2 dxe4 4. Nxe4 Nf6 5. Bg5 Nbd7 6. Qf3 Be7 7. Bd3 Rb8 8.
Ne2 b6 9. O-O O-O 10. Qh3 h6 11. Nxf6+ Bxf6 12. Be3 Be7 13. f4 Bb7 14. f5 exf5
15. Rxf5 Nf6 16. Bxh6 gxh6 17. Qxh6 Ne4 18. Rh5 1-0

[Event "PMPJ 2022 - C13"]
[Site "Jastrzebia Gora"]
[Date "2022.11.12"]
[Round "3.18"]
[White "Krasniewski, Grzegorz"]
[Black "Bastock, Luis"]
[Result "1-0"]
[BlackElo "1035"]
[WhiteElo "1129"]
[LiveChessVersion "1.4.4"]

1. e4 e5 2. Nf3 Nf6 3. Nxe5 d6 4. Nf3 Nxe4 5. Nc3 Nxc3 6. dxc3 Be7 7. Be3 Nc6 8.
Qd2 Be6 9. a3 a6 10. O-O-O O-O 11. Bd3 b5 12. h4 Ne5 13. Be4 Nc4 14. Qd3 Nxe3 15.
Qxe3 d5 16. Ng5 h6 17. Nxe6 fxe6 18. Bd3 Qd7 19. Kb1 c5 20. g4 b4 21. cxb4 cxb4
22. a4 Qxa4 23. Qxe6+ Kh8 24. Qxe7 Rab8 25. b3 Qc6 26. h5 a5 27. g5 Rbe8 28. Qa7
Qd6 29. gxh6 Qxh6 30. Qxa5 Ra8 31. Qxb4 Rf7 32. Bg6 Rfa7 33. Qd2 Qxd2 34. Rxd2
Ra1+ 35. Kb2 Rxh1 1-0

[Event "PMPJ 2022 - C13"]
[Site "Jastrzebia Gora"]
[Date "2022.11.12"]
[Round "4.1"]
[White "Bochniak, Franciszek"]
[Black "Wojtacha, Krzysztof"]
[Result "1-0"]
[BlackElo "1506"]
[WhiteElo "1839"]
[LiveChessVersion "1.4.4"]

1. e4 {[%clk 1:30:57]} c5 {[%clk 1:30:50]} 2. Nf3 {[%clk 1:31:22]} Nc6
{[%clk 1:31:02]} 3. d4 {[%clk 1:31:40]} cxd4 {[%clk 1:31:23]} 4. Nxd4
{[%clk 1:32:08]} Nf6 {[%clk 1:31:39]} 5. Nc3 {[%clk 1:32:32]} e5 {[%clk 1:31:36]}
6. Ndb5 {[%clk 1:32:55]} d6 {[%clk 1:31:54]} 7. Bg5 {[%clk 1:33:11]} a6
{[%clk 1:32:13]} 8. Na3 {[%clk 1:33:33]} b5 {[%clk 1:32:35]} 9. Nd5
{[%clk 1:33:41]} Be7 {[%clk 1:32:43]} 10. Bxf6 {[%clk 1:34:03]} Bxf6
{[%clk 1:32:56]} 11. c3 {[%clk 1:33:01]} O-O {[%clk 1:30:51]} 12. Nc2
{[%clk 1:32:57]} Bg5 {[%clk 1:28:53]} 13. a4 {[%clk 1:31:09]} bxa4
{[%clk 1:27:25]} 14. Rxa4 {[%clk 1:30:57]} Bb7 {[%clk 1:21:12]} 15. Bc4
{[%clk 1:21:12]} a5 {[%clk 1:17:39]} 16. O-O {[%clk 1:19:16]} Ne7
{[%clk 1:07:15]} 17. Qd3 {[%clk 1:07:50]} Bc6 {[%clk 0:58:48]} 18. Ra2
{[%clk 1:07:41]} Nxd5 {[%clk 0:57:41]} 19. Bxd5 {[%clk 1:07:30]} Qc7
{[%clk 0:53:27]} 20. Rfa1 {[%clk 1:03:14]} Bxd5 {[%clk 0:46:24]} 21. Qxd5
{[%clk 1:03:33]} Qb6 {[%clk 0:46:27]} 22. Na3 {[%clk 1:02:08]} Be7
{[%clk 0:30:02]} 23. Nc4 {[%clk 1:00:43]} Qc7 {[%clk 0:30:01]} 24. Nxa5
{[%clk 0:58:33]} Ra6 {[%clk 0:27:23]} 25. Nc4 {[%clk 0:56:30]} Rxa2
{[%clk 0:26:58]} 26. Rxa2 {[%clk 0:56:58]} g6 {[%clk 0:25:37]} 27. Ra6
{[%clk 0:54:56]} Rb8 {[%clk 0:19:19]} 28. g3 {[%clk 0:53:11]} Bf8
{[%clk 0:12:15]} 29. Rc6 {[%clk 0:49:53]} Qa7 {[%clk 0:12:07]} 30. b4
{[%clk 0:50:22]} Rd8 {[%clk 0:09:27]} 31. b5 {[%clk 0:47:13]} Qb8
{[%clk 0:08:04]} 32. b6 {[%clk 0:46:31]} Be7 {[%clk 0:06:22]} 33. Rc7
{[%clk 0:46:51]} Re8 {[%clk 0:06:33]} 34. Nxd6 {[%clk 0:46:58]} 1-0